Normal view MARC view
  • Competitive examination

Entry Topical Term

Number of records used in: 1

001 - CONTROL NUMBER

  • control field: 6

003 - CONTROL NUMBER IDENTIFIER

  • control field: CUTN

005 - DATE AND TIME OF LATEST TRANSACTION

  • control field: 20260512133654.0

008 - FIXED-LENGTH DATA ELEMENTS

  • fixed length control field: 260512|| aca||babn | a|a d

040 ## - CATALOGING SOURCE

  • Original cataloging agency: CUTN

150 ## - HEADING--TOPICAL TERM

  • Topical term or geographic name as entry element: Competitive examination